| 000 | 00573nam a2200193Ia 4500 | ||
|---|---|---|---|
| 999 |
_c18735 _d18735 |
||
| 082 | _aTB.0390 | ||
| 100 | _aBahadur, Anshubhi | ||
| 245 | 0 | _aPsychological factors as predictors of college girl's orientation towards marriage and career | |
| 250 | _aUniversity of Allahabad, Allahabad | ||
| 260 | _c2009 | ||
| 300 | _a180 | ||
| 504 | _ainclude appendices and bibliography | ||
| 650 |
_aGirls _vPsychology |
||
| 650 |
_aGirls _vSocial conditions |
||
| 650 |
_aGirls _vConduct of life |
||
| 650 |
_aGirls _vMarriage and career |
||
| 710 | _aDhawan, Nisha | ||
| 942 | _cTH | ||